000 00636nam a2200229Ia 4500
005 20250108125007.0
008 008 250107s9999 xx 000 0 eng d
020 _a978-93-88802-72-7
037 _aTB
040 _aCRL
_beng
_cCRL
041 _aeng
_2eng
084 _aV2,1:3.P P2
084 _qCRL
100 _aSaraswati Swami Niranjanananda Au.
_9730247
245 0 _aIshavasya upanishad
_cSaraswati Swami Niranjanananda Au.
260 _aBihar, India
_bYoga Publication Trust
_c2927
300 _a119p.
365 _aINR
_b395
650 _aRELIGION
942 _cTB
_hV2,1:3.P P2
999 _c1235315
_d1235315